El 11-s dividió al mundo /

Gespeichert in:
Bibliographische Detailangaben
1. Verfasser: Rosas, María Cristina
Format: Text
Schlagworte:
Tags: Tag hinzufügen
Keine Tags, Fügen Sie den ersten Tag hinzu!

MARC

LEADER 00000 a a2200000 04500
001 9681
003
040
100 |a Rosas, María Cristina  
245 |a El 11-s dividió al mundo /  |c María Cristina Rosas 
500 |a Entrevista realizada a Peter Wallensteen por María Cristina Rosas  
650 |a ENTREVISTAS  
650 |a PAZ  
650 |a INVESTIGACION SOBRE LA PAZ  
650 |a COOPERACION INTERNACIONAL  
650 |a TERRORISMO  
650 |a SOLUCION DE CONFLICTOS  
773 |g volumen 8, número 35; páginas 45-49  
999 |c 20082  |d 20082